|
|
|
|
| LEADER |
00000nam a2200000 i 4500 |
| 001 |
1/20369 |
| 008 |
970619s1975 eng d |
| 020 |
|
|
|a 0-86020-003-5
|
| 035 |
|
|
|a 1994
|b 3
|c Ανθουλιάς
|l 10036018
|
| 040 |
|
|
|a GR-MY-UA
|b gre
|e aacr
|
| 041 |
0 |
|
|a eng
|
| 082 |
0 |
|
|a 745.5922
|
| 100 |
1 |
|
|a Philpott, Violet.
|
| 245 |
1 |
4 |
|a The knowhow book of puppets /
|c Violet Philpott, Mary Jean McNeil ; illustrated by Malcolm English
|
| 260 |
|
|
|a London :
|b Usborne,
|c 1975
|
| 300 |
|
|
|a 32 p.
|
| 650 |
0 |
0 |
|a Puppet making
|x Juvenile literature.
|
| 650 |
0 |
0 |
|a Puppet making.
|
| 650 |
0 |
0 |
|a Handicraft.
|
| 700 |
1 |
|
|a McNeil, Mary Jean.
|
| 700 |
1 |
|
|a English, Malcolm.
|4 ill
|
| 852 |
|
|
|a INST
|b RHODES
|e 19970619
|h 745.5922 PHI
|p 005400007627
|q 005400007627
|t BK
|y 0
|
| 909 |
|
|
|a Ρ
|b 037032
|c 1994
|